| 000 | 01930nam a2200481 c 4500 | ||
|---|---|---|---|
| 999 |
_c50993 _d50993 |
||
| 001 | 50993 | ||
| 003 | ES-MaCES | ||
| 005 | 20250526142657.0 | ||
| 007 | cr ||||||||||| | ||
| 008 | 181016s2018 sp 000 ||spa d | ||
| 017 |
_aNA 1721-2018 _bDL |
||
| 020 | _a9788491775881 | ||
| 020 | _a9788491775904 (electrónico) | ||
| 040 |
_aES-MaCES _bspa _cES-MaCES |
||
| 245 | 0 | 0 |
_aEstudio técnico-jurídico del Convenio 188, sobre el trabajo en la pesca (2007), de la Organización Internacional del Trabajo _b: ¿están garantizadas unas condiciones de trabajo decentes? _cdir., Patrick Chaumette, Olga Fotinopoulou Basurko ; coord., Xosé Manuel Carril Vázquez ; autoría, Inmaculada Ballester Pastor ... [et al.] |
| 250 | _a1ª ed | ||
| 260 |
_aCizur Menor (Navarra) _bAranzadi-Thomson Reuters _c2018 |
||
| 300 |
_a357 p. _c24 cm |
||
| 490 | 1 | _aEstudios | |
| 500 | _aDisponible en formato electrónico mediante la aplicación PROVIEW | ||
| 541 | _cCompra | ||
| 650 | 7 |
_apesca _927611 |
|
| 650 | 7 |
_aindustria pesquera _927608 |
|
| 650 | 7 |
_abuque pesquero _927612 |
|
| 650 | 7 |
_atrabajador de la pesca _928434 |
|
| 650 | 7 |
_acondiciones de trabajo _928327 |
|
| 650 | 7 |
_acondiciones de vida _927111 |
|
| 650 | 7 |
_aseguridad en el trabajo _928348 |
|
| 650 | 7 |
_aseguridad social _927034 |
|
| 650 | 7 |
_aConvenio de la OIT _929026 |
|
| 650 | 7 |
_a2007 _931880 |
|
| 650 | 7 |
_anorma internacional del trabajo _930609 |
|
| 650 | 7 |
_acampo de aplicación _930263 |
|
| 653 | 1 | 0 | _aRelaciones laborales-Empleo |
| 700 | 1 |
_99526 _aChaumette, Patrick _edir. |
|
| 700 | 1 |
_912304 _aFotinopoulou Basurko, Olga _edir. |
|
| 700 | 1 |
_99127 _aCarril Vázquez, Xosé Manuel _ecoord. |
|
| 700 | 1 |
_96981 _aBallester Pastor, Inmaculada |
|
| 830 | 0 |
_aEstudios (Thomson Reuters-Aranzadi) _934937 |
|
| 856 | 4 |
_uhttps://legalteca.aranzadilaley.es/my-library?sponsor=82111144-IP _yLegalteca |
|
| 902 | _aLIB Libro | ||
| 942 |
_2CES _cBK _h2.0. |
||